DBMS : (Record no. 40097)

MARC details
000 -LEADER
fixed length control field 00762nam a22002297a 4500
005 - DATE AND TIME OF LATEST TRANSACTION
control field 20100807143524.0
010 ## - LCCN (DPL NO)
LC control number ENG-98797
020 ## - INTERNATIONAL STANDARD BOOK NUMBER
International Standard Book Number 978190720199
Terms of availability 65.00
035 ## - SYSTEM CONTROL NUMBER
System control number EN-82329
037 ## - SOURCE OF ACQUISITION
Source of stock number/acquisition DBAD/PUB
082 ## - DEWEY DECIMAL CLASSIFICATION NUMBER
Classification number 005.74
100 ## - MAIN ENTRY--PERSONAL NAME
Personal name Sundarraj, P. Daniel
245 ## - TITLE STATEMENT
Title DBMS :
Statement of responsibility, etc by P. Daniel Sundarraj
Remainder of title a practical approach /
260 ## - PUBLICATION, DISTRIBUTION, ETC. (IMPRINT)
Place of publication, distribution, etc Vellor
Name of publisher, distributor, etc ANBU Nilayam
Date of publication, distribution, etc 2008
270 ## - ADDRESS
Address 11,Punniyakotti Nagar,Salavanpet
City Vellor
Postal code 632001
300 v# - PHYSICAL DESCRIPTION
Extent 110p.
Dimensions 23cm (pbk)
650 ## - SUBJECT ADDED ENTRY--TOPICAL TERM
Topical term or geographic name as entry element Relational Database
700 ## - ADDED ENTRY--PERSONAL NAME
9 (RLIN) 8297
700 ## - ADDED ENTRY--PERSONAL NAME
9 (RLIN) 8298
942 ## - ADDED ENTRY ELEMENTS (KOHA)
Source of classification or shelving scheme Dewey Decimal Classification
Item type English Books
Classification part 005.74
Call number suffix SUN
Holdings
Withdrawn status Lost status Not for loan Collection code Home library Current library Date acquired Source of acquisition Cost, normal purchase price Full call number Barcode Copy number Cost, replacement price Koha item type
    Not For Loan Non-fiction D.B.Act.Division D.B.Act.Division 07/08/2010 DBAD/PUB 65.00 005.74 SUN EN-82329 1 65.00 English Books

© Delhi Public Library
Hit Counter
free hit counter